| 000 | 01205cam a22003014a 4500 | ||
|---|---|---|---|
| 999 |
_c8882 _d8882 |
||
| 001 | 11780388 | ||
| 003 | GBCCL | ||
| 005 | 20241126110700.0 | ||
| 008 | 990824s1999 miua b 001 0 eng | ||
| 010 | _a 99046639 | ||
| 020 | _a0801022193 | ||
| 040 |
_aDLC _cDLC _dDLC |
||
| 042 | _apcc | ||
| 050 | 0 | 0 |
_aBR127 _b.H54 1999 |
| 082 | 0 | 0 |
_a261.2 _221 _bHIE |
| 100 | 1 |
_aHiebert, Paul G., _d1932- _92217 |
|
| 245 | 1 | 0 |
_aUnderstanding folk religion : _ba Christian response to popular beliefs and practices / _cPaul Hiebert, R. Daniel Shaw, Tite Tiénou. |
| 260 |
_aGrand Rapids, Mich. : _bBaker Books, _cc1999. |
||
| 300 |
_a412 p. : _bill. ; _c23 cm. |
||
| 504 | _aIncludes bibliographical references (p. 393-402) and index. | ||
| 650 | 0 |
_aChristianity and other religions. _912 |
|
| 700 | 1 |
_aShaw, R. Daniel _q(Robert Daniel), _d1943- _915594 |
|
| 700 | 1 |
_aTiénou, Tite. _915595 |
|
| 906 |
_a7 _bcbc _corignew _d1 _eocip _f19 _gy-gencatlg |
||
| 942 |
_2ddc _cBK _05 |
||